LEADER 00995nas 2200361 c 450 001 9910896557303321 005 20260218111113.0 035 $a(DE-599)ZDB2574567-0 035 $a(OCoLC)1368768893 035 $a(DE-101)1007178590 035 $a(CKB)4910000000548646 035 $a(DE-599)2574567-0 035 $a(EXLCZ)994910000000548646 100 $a20100923b18781922 |y | 101 0 $aeng 135 $aur||||||||||| 181 $ctxt$2rdacontent 182 $cc$2rdamedia 183 $acr$2rdacarrier 200 10$aJournal of the Straits Branch of the Royal Asiatic Society 210 31$aSingapore$c[Verlag nicht ermittelbar]$d1878-1922 215 $aOnline-Ressource 608 $aZeitschrift$2gnd-content 676 $a890 676 $a910 676 $a950 801 0$b0355 801 1$bDE-101 801 2$b9001 906 $aJOURNAL 912 $a9910896557303321 996 $aJournal of the Straits Branch of the Royal Asiatic Society$91320738 997 $aUNINA